02482agaaa2200301 45000010005000000030009000050050017000140070009000310080040000400400023000800410013001031000049001161300017001652450199001822500022003812600139004033000034005425080230005765110091008065200951008975380016018485460013018646500059018777000061019367000060019977000056020577000067021135930IT-RoPAU20220918181238.0d cvaizq50131s9999||||xx ||| | || ||und|| aIT-RoPAUcIT-RoPAU aITALIANO aDe Sica VittoriogCodice regista SPICS: 7270 aGIRASOLI (I) aGIRASOLI (I)cProdotto da: Ponti C. Cohn A. -- Sceneggiatura: Guerra Tonino Mdivani Gheorgij Zavattini Cesare -- Diretto da: De Sica VittoriopGIRASOLI (I) (Rif. Codice opera principale : H5930) aEdizione Standard aROMA - PARIGI (ITALIA)bCHAMPION - LES FILMS CONCORDIA / Distribuzione: IL MESSAGGEROg"1970 (1° ed.: 2005 ; Ed. Lingua Orig.: 1970)" aDVDbsonoro, col.c107 minuti a"Fotografia: Rotunno Giuseppe; Montaggio: Novelli Adriana; Musica: Mancini Henry; Sceneggiatura: Guerra Tonino Mdivani Gheorgij Zavattini Cesare; Scenografia: Poletto P. Vinitski ; Soggetto: Guerra Tonino -- Zavattini Cesare" a"Loren Sophia; Mastroianni Marcello; Andreeva Galina; Saveljeva Ljudmilla; Onorato G." a"ANTONIO E GIOVANNA SI AMANO, MA SONO DIVISI DALLA GUERRA. LUI, SPEDITO SULFRONTE RUSSO, PERDE COMPLETAMENTE LA MEMORIA E SI LEGA AD UNA RAGAZZA SOVIETICA, DALLA QUALE HA UNA FIGLIA. GIOVANNA NON SI RASSEGNA E, DOPO AVERLO ASPETTATO TENACEMENTE, CORRE ACERCARLO MA, CONSTATATA LA NUOVA REALTA', DISPERATA E DECISA A DIMENTICARLO, TORNA IN PATRIA. QUI, DISTRUTTI TUTTI I RICORDI DELLA LORO VITA IN COMUNE, SI UNISCE AD UN OPERAIO, DAL QUALE HA UN FIGLIO. NEL FRATTEMPO ANTONIO CHE, SCONVOLTO DALLA SUA RICOMPARSA, TORNA IN ITALIA PER RITROVARLA: MA I DUE, SEPPUR CONFESSANDO DI ESSERE ANCORA INNAMORATI, SONO PRESI DALLA RESPONSABILITA' NEI CONFRONTI DELLE LORO FAMIGLIE E DECIDONO DI SEPARARSI PER SEMPRE. GUERRA, AMORE, RAPPORTI DI COPPIA. DAVID DIDONATELLO 1970 X MIGLIORE ATTRICE A SOPHIA LOREN. CONTENUTI SPECIALI: BIOGRAFIA E FILMOGRAFIA DEL REGISTA E ATTORI PRINCIPALI; TRAILER; LOCANDINA ORIGINALE DEL FILM; GALLERIA FOTOGRAFICA; CREDITI." aPAL, STEREO aITALIANO aDRAMMATICOeDVD-FILM [DVD]xCodice MATERIA SPICS: 9947 aDe Sica Vittorio e(regista)gCodice regista SPICS: 7270 aGuerra Tonino e(soggetto)gCodice Soggetto SPICS: 5721 aMancini Henrye(musica)gCodice Musica SPICS: 11002 aZavattini Cesare e(soggetto)gCodice Soggetto 2° SPICS: 3365